Estadísticas para Gran Prueba de América

Haz click aquí para intentar la prueba.

Estadísticas generales

  • Esta prueba ha sido intentada 39 veces
  • La puntuación promedio es 25 de 55

Estadísticas de respuestas

PistaRespuesta% Correcto
Archipiélago que se disputan Reino Unido y ArgentinaIslas Malvinas
94%
Ciudad en la que se encuentra el Cristo RedentorRío de Janeiro
77%
Lugar conocido como el "Pulmón del Mundo"Amazonía
74%
Colonia del Reino Unido conocida por un "triángulo" que lleva su nombreBermudas
74%
Estatua de cobre que regaló el pueblo francés al estadounidenseEstatua de la Libertad
74%
Canal que conecta al Mar Caribe con el Océano PacíficoCanal de Panamá
71%
Estado mexicano que comparte nombre con una raza de perroChihuahua
71%
Ciudad más grande del "Cono Sur"Buenos Aires
68%
Grandes cataratas en el límite entre Estados Unidos y CanadáCataratas del Niágara
68%
País al que pertenece la isla anteriorDinamarca
68%
Isla más grande del mundoGroenlandia
68%
Lugar en el que se encuentra el paseo de la fama y relacionado con la industria del cineHollywood
68%
Montaña más alta (desde su base) de AméricaAconcagua
65%
Estado más septentrional de los Estados UnidosAlaska
65%
Islas biodiversas dónde se pueden encontrar a las iguanas marinasIslas Galápagos
65%
Lago Navegable más alto del MundoLago Titicaca
65%
Único país de América donde el idioma oficial es el neerlandés (holandés)Surinam
65%
País con más angloparlantes del mundoEstados Unidos de América
61%
Idioma oficial de Paraguay, además del españolGuaraní
61%
Provincia canadiense con la mayor población de francoparlantes de CanadáQuebec
61%
Gran cuerpo de agua entre Argentina y UruguayRío de la Plata
61%
País más grande de las AntillasCuba
58%
País más pequeño de CentroaméricaEl Salvador
58%
Ciudad argentina que se disputa con Puerto Williams el puesto de la ciudad más austral del MundoUshuaia
58%
Ciudad más poblada de AméricaSao Paulo
55%
Isla en la que se encuentran Haití y República DominicanaIsla La Española
52%
Isla en la que se encuentra la ciudad anteriorTierra del Fuego
52%
Famosos geoglifos de distintas formas que comparten nombre con una placa téctonicaLíneas de Nazca
48%
País en el que más del 50% de la población habla español, pero no es la lengua mayoritariaBelice
45%
Lugar erróneamente conocido como el punto más austral de AméricaCabo de Hornos
45%
El mayor exportador de esmeraldas en AméricaColombia
45%
El significado del "DC" en "Washington DC"Distrito de Columbia
45%
País constituyente más grande del Reino de los Países Bajos (Exceptuando a Países Bajos)Curazao
42%
Ciudad más poblada de BoliviaSanta Cruz de la Sierra
39%
La Carretera Panamericana se corte en este lugarTapón del Darién
35%
La cumbre de este volcán es el punto más alejado del centro de la tierraChimborazo
32%
País más feliz de AméricaCosta Rica
32%
Estado mexicano que hizo parte de las provincias unidas de CentroaméricaChiapas
26%
Isla chilena conocido por sus mitos, palafitos e iglesiasChiloé
26%
Volcán más alto del planeta tierraNevado Ojos del Salado
26%
Colectividad de Ultramar francesa ubicada frente a las costas de TerranovaSan Pedro y Miquelón
26%
Territorio que se disputan Venezuela y GuyanaEsequibo
23%
Antiguo poblado inca conocido por su arquitecturaMachu Picchu
23%
Cascada más alta del mundoSalto Ángel
23%
Ciudad francófona más grande de América del SurCayena
19%
Única frontera terrestre entre Argentina y UruguayIsla Timoteo Domínguez/Martín García
19%
Lengua autóctona de México más habladaNáhuatl
19%
Río que demarcó el límite entre los mapuche y los españolesRío Biobío
19%
Famosa ciudad maya ubicada en GuatemalaTikal
19%
Lago más grande de CentroaméricaLago Managua
16%
País que colonizó a la Isla de Tobago entre los años 1654-1659 y 1660-1689Ducado de Curlandia y Semigalia
13%
Isla deshabitada más grande del mundoIsla Devon
13%
Grupo de Islas en las que se extiende desde las Islas Vírgenes hasta Trinidad y TobagoIslas de Barlovento
10%
Archipiélago considerado uno de los con más endemismo por km²Juan Fernández
10%
Asentamiento humano más septentrional de la América ContinentalUtqiaġvik (Barrow)
6%

Distribución de puntuación

Porcentaje por número respondido

Porcentaje de gente con cada puntuación

Historial de tus puntuaciones

No has intentado esta prueba.